| 000 | 00702nam a2200229 i 4500 | ||
|---|---|---|---|
| 001 | bg | ||
| 100 | 1 |
_aKRASUSKI, Jerzy _d(1930- ) |
|
| 245 | 1 | 0 | _aHistoria Niemiec. |
| 250 | _aWyd. 2 popr. | ||
| 260 |
_aWrocław : _bZakład Narodowy im. Ossolińskich, _c2004. |
||
| 300 |
_a687, [1] s. : _bmapy, tab. ; _c24 cm. |
||
| 504 | _aWskazówki bibliogr. 613-614. Indeksy. | ||
| 651 | 9 |
_aNiemcy _xhistoria |
|
| 020 | _a830404689X | ||
| 040 | _cBPK | ||
| 041 | 0 | _apol | |
| 080 | _a94(430) | ||
| 920 | _a83-04-04689-X | ||
| 942 | _cKS | ||
| 008 | s pl f |000 0 pol | ||
| 999 |
_c45037 _d45037 |
||
| 856 |
_uhttp://koha.tu.koszalin.pl/cgi-bin/koha/opac-detail.pl?biblionumber=45037 _yKatalog online BPK |
||